| 000 | 01113cam a22002891i 4500 | ||
|---|---|---|---|
| 003 | SA-RiAUC | ||
| 005 | 20250707165957.0 | ||
| 008 | 250703s1994 su g 00000bara c | ||
| 020 | _a9960270793 | ||
| 040 |
_aSA-RiKSU _bara _cSA-RiAUC _erda |
||
| 043 | _aa-su--- | ||
| 082 | 0 | 4 |
_a928.1 _qSA-RiAUC |
| 090 |
_a928.1 _bر د ا |
||
| 100 | 1 |
_aالردادي، عائض بن بنية بن سالم، _d1369 هجري- _eمؤلف. |
|
| 245 | 1 | 0 |
_aندوة الرفاعي / _cعائض الردادي. |
| 250 | _aالطبعة الأولى. | ||
| 264 | 1 |
_aالرياض : _bعائض الردادي، _c1994 |
|
| 300 |
_a142 صفحة ؛ _c24 سم |
||
| 336 |
_aنص _btxt _2rdacontent _3كتاب |
||
| 337 |
_aبدون وسيط _bn _2rdamedia |
||
| 338 |
_aمجلد _bnc _2rdacarrier |
||
| 504 | _aيشتمل على إرجاعات ببليوجرافية. | ||
| 600 | 1 | 7 |
_aالرفاعي، عبد العزيز أحمد عبد الكريم، _d1342-1413 هجري _2aucnm |
| 650 | 7 |
_aالشعراء العرب _zالسعودية _vتراجم _2aucsh |
|
| 942 |
_2ddc _cBOOK _n0 |
||
| 949 |
_aSA-JeALM _d250703 _umohamedma123 _n1 |
||
| 999 |
_c9570 _d9570 |
||